History Quiz

Random History or Celebrity Quiz

Who's That with Walt Disney? Quiz Stats

 Plays Quiz Updated Oct 15, 2021

Support Sporcle.
Go Orange.
Score 0/28 Timer 06:00
6 Plays Today
% Correct
Richard Nixon
93.1%
Shirley Temple
89.9%
Bambi
86.9%
Mickey Mouse
84.2%
Julie Andrews & Dick Van Dyke
80%
Salvador Dalí
79.5%
Dwight Eisenhower
76%
Louis Armstrong
74.4%
Lyndon & Lady Bird Johnson
69.6%
Bob Hope
65.2%
Elizabeth Taylor
64.2%
Laurel & Hardy
63.2%
Roy Disney
59.8%
Kirk Douglas
58.2%
% Correct
Sophia Loren
54.6%
Bing Crosby
47%
Annette Funicello
43.4%
Jawaharlal Nehru
40.2%
Ed Sullivan
38.7%
Sir John Mills & Hayley Mills
37.5%
Mohammad Reza Pahlavi, Shah of Iran and his wife
37.3%
Spencer Tracy & Bette Davis
36%
Fred MacMurray
34.9%
Charlie Chaplin
29%
Fess Parker
27.1%
Will Rogers
24%
Roald Dahl
22.6%
Wernher von Braun
17%

From the Vault

Tiny Almost Useless Trivia X

by sproutcm

The quiz may be tiny, but the trivia is gigantic.
Remove Ads.
Support Sporcle.
Get the best of Sporcle when you Go Orange. This ad-free experience offers more features, more stats, and more fun while also helping to support Sporcle. Thank you for becoming a member.

Show Comments

Extras

Top Quizzes Today


Score Distribution

Your Account Isn't Verified!

In order to create a playlist on Sporcle, you need to verify the email address you used during registration. Go to your Sporcle Settings to finish the process.

Report this User

Report this user for behavior that violates our Community Guidelines.

Details: